Slováci v zahraničí 6

Guardado en:
Detalles Bibliográficos
Otros Autores: Bielik, František, Baláž, Claude
Formato: Libro
Lenguaje:eslovaco
Publicado: Martin Matica slovenská 1980
Colección:Teória a výskum
Etiquetas: Agregar Etiqueta
Sin Etiquetas, Sea el primero en etiquetar este registro!

MARC

LEADER 00000nam a2200000 4500
001 c140854
005 20221128073835.3
041 0 |a slo 
044 |a SK 
245 1 0 |a Slováci v zahraničí 6  |c Hl. zost. František Bielik, Claude Baláž 
264 1 |a Martin  |b Matica slovenská  |c 1980 
300 |a 228 s. 
490 1 |a Teória a výskum 
830 0 |a Teória a výskum 
700 1 |a Bielik, František 
700 1 |a Baláž, Claude